000 00310 a2200145 4500
001 60016
020 _a3126757529
040 _cAnchieta - Pituba
240 1 0 _aWir A1
_lpor
245 1 0 _aWir A1
300 _a85
362 0 _a2008
650 4 _aLínguas germânicas (teutônicas) língua alemã
942 _cBK
999 _c60016
_d60016